Online
Catalog

Muestra de ensayos generación del 48 / (Record no. 38278)

MARC details
000 -CABECERA
campo de control de longitud fija 01279nam a2200325 a 4500
001 - NÚMERO DE CONTROL
campo de control 000038788
003 - IDENTIFICADOR DEL NÚMERO DE CONTROL
campo de control DO-SdBNP
005 - FECHA Y HORA DE LA ÚLTIMA TRANSACCIÓN
campo de control 20250212130210.0
007 - CAMPO FIJO DE DESCRIPCIÓN FÍSICA--INFORMACIÓN GENERAL
campo de control de longitud fija ta
008 - DATOS DE LONGITUD FIJA--INFORMACIÓN GENERAL
campo de control de longitud fija 130422s1988 dr 000 0 spa d
040 ## - FUENTE DE LA CATALOGACIÓN
Centro catalogador/agencia de origen DO-SdBNP
Lengua de catalogación spa
Centro/agencia transcriptor BNPHU
Normas de descripción rda
041 ## - CÓDIGO DE LENGUA
Código de lengua original spa
082 #4 - NÚMERO DE LA CLASIFICACIÓN DECIMAL DEWEY
Número de clasificación 864.44
Número de documento/Ítem M948e
Número de edición 22
100 1# - ENTRADA PRINCIPAL--NOMBRE DE PERSONA
Nombre de persona Blonda Acosta, Máximo Avilés
Fechas asociadas al nombre 1931-1988,
Término indicativo de función/relación autor
9 (RLIN) 86966
245 10 - MENCIÓN DE TÍTULO
Título Muestra de ensayos generación del 48 /
Mención de responsabilidad, etc. Máximo Avilés Blonda, Rodolfo Coiscou Weber, Abel Fernández Mejía, Lupo Hernández Rueda, Manuel Marino Miniño ... [et al.] ; presentación Raymundo Amaro Guzmán.
264 ## - PRODUCCIÓN, PUBLICACIÓN, DISTRIBUCIÓN, FABRICACIÓN Y COPYRIGHT
Producción, publicación, distribución, fabricación y copyright Santo Domingo :
Nombre del de productor, editor, distribuidor, fabricante Comisión Permanente de la Feria Nacional del Libro,
Fecha de producción, publicación, distribución, fabricación o copyright 1988.
300 ## - DESCRIPCIÓN FÍSICA
Extensión viii, 267 páginas ;
Dimensiones 21 cm.
336 ## - TIPO DE CONTENIDO
Término de tipo de contenido rdacontent
Código de tipo de contenido texto
Fuente txt
337 ## - TIPO DE MEDIO
Nombre/término del tipo de medio rdamedia
Código del tipo de medio sin mediación
Fuente n
338 ## - TIPO DE SOPORTE
Nombre/término del tipo de soporte rdacarrier
Código del tipo de soporte volumen
Fuente nc
500 ## - NOTA GENERAL
Nota general "XVI Feria Nacional del Libro, Lic. Manuel Arturo Peña Batlle."
500 ## - NOTA GENERAL
Nota general Incluye notas al pie de las páginas
590 ## - NOTA LOCAL (RLIN)
Nota local Inventariado, 2025/DG
700 1# - PUNTO DE ACCESO ADICIONAL--NOMBRE DE PERSONA
Nombre de persona Avilés Blonda, Máximo,
Fechas asociadas al nombre 1931-1988
9 (RLIN) 7914
700 1# - PUNTO DE ACCESO ADICIONAL--NOMBRE DE PERSONA
Nombre de persona Coiscou Weber, Rodolfo
Término indicativo de función/relación autor
9 (RLIN) 19739
700 1# - PUNTO DE ACCESO ADICIONAL--NOMBRE DE PERSONA
Nombre de persona Fernández Mejía, Abel
Término indicativo de función/relación autor
9 (RLIN) 86967
700 1# - PUNTO DE ACCESO ADICIONAL--NOMBRE DE PERSONA
Nombre de persona Hernández Rueda, Lupo
9 (RLIN) 86155
910 ## - DATOS DE OPCIÓN DEL USUARIO (OCLC)
Datos de opción del usuario DG
942 ## - ELEMENTOS DE PUNTO DE ACCESO ADICIONAL (KOHA)
Fuente del sistema de clasificación o colocación Dewey Decimal Classification
Tipo de ítem Koha Libro
Holdings
Estado de retiro Estado de pérdida No para préstamo Código de colección Localización permanente Ubicación/localización actual Ubicación en estantería Fecha de adquisición Número de inventario Total de préstamos Signatura topográfica completa Código de barras Fecha visto por última vez Precio válido a partir de Tipo de ítem Koha Número de copia Fuente del sistema de clasificación o colocación Restricciones de uso Fuente de adquisición Nota pública
        Biblioteca Nacional Pedro Henríquez Ureña Biblioteca Nacional Pedro Henríquez Ureña En catalogación 12.02.2025     BNPHU DS 864.44 M948e 2025-0970 12.02.2025 12.02.2025 Libro e.3 Dewey Decimal Classification Préstamo en sala Donado por la Presidencia de la República Dominicana 2023 Pertenecio a la biblioteca de René Rodríguez Soriano
    Excluido de préstamo Patrimonio Dominicano Patrimonio Dominicano Patrimonio Dominicano Depósito 22.04.2013 LF1   38788-10 25.06.2020 25.06.2020 Libro y Folleto Colección Patrimonio Dominicano          
    Excluido de préstamo Patrimonio Dominicano Patrimonio Dominicano Patrimonio Dominicano Depósito 12.06.2015 LF1   38788-20 25.06.2020 25.06.2020 Libro y Folleto Colección Patrimonio Dominicano e. 2        

Powered by Koha